Six thèses antirévolutionaires et antirépublicaines à propos du centenaire /
المؤلف الرئيسي:
التنسيق: كتاب الكتروني
اللغة:
English
French
منشور في:
Leiden ; Boston :
Brill,
1889.
سلاسل:
European History and Culture - Book Archive pre-2000.
الموضوعات:
الوصول للمادة أونلاين: Login to view Source
الوسوم: إضافة وسم
رقم الطلب: D410
| LEADER | 02355nam a22004218i 4500 | ||
|---|---|---|---|
| 001 | BRILL9789004588998 | ||
| 003 | nllekb | ||
| 005 | 20240807140205.0 | ||
| 006 | m d | ||
| 007 | cr un uuuua | ||
| 008 | 240711s1889 gw sb 001 0 eng d | ||
| 020 | |a 9789004588998 |q (electronic book) | ||
| 020 | |z 9789004558625 |q (print) | ||
| 024 | 7 | |a 10.1163/9789004588998 |2 DOI | |
| 040 | |a NL-LeKB |c NL-LeKB |e rda | ||
| 041 | |a fre | ||
| 050 | 4 | |a D410 | |
| 072 | 7 | |a HB |2 bicssc | |
| 072 | 7 | |a HIS |x 000000 |2 bisacsh | |
| 082 | 0 | 4 | |a 910.825 |2 23 |
| 100 | 1 | |a Bemmelen, P van, |e author. | |
| 245 | 1 | 0 | |a Six thèses antirévolutionaires et antirépublicaines à propos du centenaire / |c P van Bemmelen. |
| 264 | 1 | |a Leiden ; |a Boston : |b Brill, |c 1889. | |
| 264 | 4 | |c ©1889 | |
| 336 | |a text |b txt |2 rdacontent | ||
| 337 | |a computer |b c |2 rdamedia | ||
| 338 | |a online resource |2 rdacarrier | ||
| 490 | 1 | |a European History and Culture - Book Archive pre-2000 | |
| 504 | |a Includes bibliographical references and index. | ||
| 505 | 0 | |t Front Matter -- Preliminary Material / |r Un Étranger. -- Thèse I. Par la "révolution française" il faut entendre, soit une période décennale et néfaste de l'histoire de France, soit le fait du renversement rapide, violent et sanguinaire de l'ancien régime. / |r Un Étranger. -- Thèse II. La révolution française a été pour la France un malheur exceptionnel. / |r Un Étranger. -- Thèse III. La morale révolutionnaire et la morale chrétienne sont des morales antipodiques. / |r Un Étranger. -- Thèse IV. La république est une notion négative et incertaine quant à ses limites, et finalement un néant politique. / |r Un Étranger. -- Thèse V. La république française actuelle est plus qu'un minimum de monarchie. / |r Un Étranger. -- Thèse VI. Les trois républiques françaises n'ont fait que déshonneur à la France. / |r Un Étranger. -- Conclusion. / |r Un Étranger.. | |
| 546 | |a French | ||
| 588 | |a Description based on print version record. | ||
| 650 | 0 | |a History. | |
| 776 | 0 | 8 | |i Print version: |t Six thèses antirévolutionaires et antirépublicaines à propos du centenaire. |d Leiden ; Boston : Brill, 1889. |z 9789004558625 |
| 830 | 0 | |a European History and Culture - Book Archive pre-2000. | |
| 856 | 4 | |z DOI: |u http://dx.doi.org/10.1163/9789004588998 | |
| 942 | |2 lcc |c EBOOK | ||
| 999 | |c 59196 |d 59196 | ||
